书目信息 |
| 题名: |
国家教师资格考试辅导教材
|
|
| 作者: | ;课观教育教师资格考试研究院 编著 | |
| 分册: | 下册 综合素质 | |
| 出版信息: | 合肥 安徽人民出版社 2021.02 |
|
| 页数: | 245-414页 | |
| 开本: | 28cm | |
| 丛书名: | ||
| 单 册: | ||
| 中图分类: | G451.1 , G625.1 | |
| 科图分类: | ||
| 主题词: | 教师--资格考试--教材 , 小学教师--教师素质--资格考试--教材 | |
| 电子资源: | ||
| ISBN: | 978-7-212-10987-5 | |
| 000 | 00999nam0 2200253 45 | |
| 001 | 012001001217 | |
| 005 | 20221207164742.95 | |
| 010 | @a978-7-212-10987-5@dCNY34.50 | |
| 100 | @a20220905d2021 em y0chiy50 ea | |
| 101 | 0 | @achi |
| 102 | @aCN@b340000 | |
| 105 | @aa z 000yy | |
| 106 | @ar | |
| 200 | 1 | @a国家教师资格考试辅导教材@Aguo jia jiao shi zi ge kao shi fu dao jiao cai@i综合素质@i小学@h下册@f课观教育教师资格考试研究院编著@FKe Guan Jiao Yu Jiao Shi Zi Ge Kao Shi Yan Jiu Yuan Bian Zhu@PKGJYJSZGKSYJYBZ |
| 210 | @a合肥@c安徽人民出版社@d2021.02 | |
| 215 | @a245-414页@c图@d28cm | |
| 330 | @a本书分五章,内容包括:职业理念、教育法律法规、教师职业道德、教师基本能力、文化素养。 | |
| 606 | 0 | @a教师@x资格考试@j教材 |
| 606 | 0 | @a小学教师@x教师素质@x资格考试@j教材 |
| 690 | @aG451.1@v5 | |
| 690 | @aG625.1@v5 | |
| 711 | 02 | @a课观教育教师资格考试研究院@Ake guan jiao yu jiao shi zi ge kao shi yan jiu yuan@4编著 |
| 801 | 0 | @aCN@bAHXH@c20221111 |
| 905 | @b1370673-7@dG451.1@e546:2@f5 | |
| 国家教师资格考试辅导教材.综合素质.小学.下册/课观教育教师资格考试研究院编著.-合肥:安徽人民出版社,2021.02 |
| 245-414页:图;28cm |
| ISBN 978-7-212-10987-5:CNY34.50 |
| 本书分五章,内容包括:职业理念、教育法律法规、教师职业道德、教师基本能力、文化素养。 |
| ● |
| 相关链接 |
|
|
|
|
正题名:国家教师资格考试辅导教材
索取号:G451.1/546:2
 
预约/预借
| 序号 | 登录号 | 条形码 | 馆藏地/架位号 | 状态 | 备注 |
| 1 | 1370673 | 213706738 | 第一样本阅览室/ [索取号:G451.1/546:2] | 在馆 | |
| 2 | 1370674 | 213706747 | 教育系资料室/ [索取号:G451.1/546:2] | 在馆 | |
| 3 | 1370675 | 213706756 | 教育系资料室/ [索取号:G451.1/546:2] | 在馆 | |
| 4 | 1370676 | 213706765 | 第四借阅区/ [索取号:G451.1/546:2] | 在馆 | |
| 5 | 1370677 | 213706774 | 第四借阅区/ [索取号:G451.1/546:2] | 在馆 |